000
00291nam a2200121Ia 4500
008
190216s9999||||xx |||||||||||||| ||und||
100
_a
Swaminathan L & Shri G Basu
245
0
_a
Leactures On Costing
260
_b
S Chand & Co
_c
1977
300
_a
464p
650
_a
Commerce
942
_c
BK
999
_c
5090
_d
5090